Computers in Education Proceedings of the IFIP TC 3 1st European Conference on Computers in Education - ECCE 88. Lausanna, Switzerland, 24.-29. July 1988

Enregistré dans:
Détails bibliographiques
Autres auteurs: Lovis, Frank, Tagg, E.D
Format: Livre
Langue:anglais
Publié: Amsterdam North-Holland 1988
Édition:1. ed.
Tags: Ajouter un tag
Pas de tags, Soyez le premier à ajouter un tag!

MARC

LEADER 00000nam a2200000 4500
001 c025892
005 20221219115606.5
041 0 |a eng 
044 |a NL 
245 1 0 |a Computers in Education  |b Proceedings of the IFIP TC 3 1st European Conference on Computers in Education - ECCE 88. Lausanna, Switzerland, 24.-29. July 1988  |c Edit. Frank Lovis, E.D. Tagg 
250 |a 1. ed. 
264 1 |a Amsterdam  |b North-Holland  |c 1988 
300 |a 689 s. 
700 1 |a Lovis, Frank 
700 1 |a Tagg, E.D.